Statistics for First Country to Legalize Same-Sex Marriage By Category

Click here to take the quiz!

General Stats

  • This quiz has been taken 53 times
    (52 since last reset)
  • The average score is 11 of 20

Answer Stats

CategoryCountry% Correct
in North AmericaCanada
98%
in South AmericaArgentina
93%
in OceaniaNew Zealand
88%
in AfricaSouth Africa
88%
in the worldNetherlands
86%
in EuropeNetherlands
84%
in Northern EuropeNorway
81%
in Southern EuropeSpain
77%
in Central AmericaCosta Rica
72%
in AsiaTaiwan
72%
in Central EuropeGermany
60%
with no Indo-European official languageTaiwan
40%
landlockedLuxembourg
37%
by referendumIreland
33%
island nationIceland
30%
touch the EquatorBrazil
28%
developing countrySouth Africa
26%
a RepublicSouth Africa
23%
microstateMalta
19%
never been in World CupLuxembourg
9%

Score Distribution

Percentile by Number Answered

Percent of People with Each Score

Your Score History

You have not taken this quiz since the last reset